| 000 | 00456ngm a2200145 4500 | ||
|---|---|---|---|
| 008 | s2006 le fre u | ||
| 040 | _aLB-BrCRDP | ||
| 082 | 1 |
_a372.35 _bKAT. |
|
| 100 | 1 | _aKATRIB, Kamil | |
| 245 | 1 | 0 |
_aCD - La physique en simulation Cours & laboratoire virtuel 1st sec. _cKamil KATRIB |
| 260 |
_aBeyrouth _bEdu LAB _c2006 |
||
| 500 | _a1st year secondary education | ||
| 942 | _cVM | ||
| 999 |
_c16242 _d16242 |
||